Producing for TV and new media / (Record no. 19828)

MARC details
000 -LEADER
fixed length control field 01258cam a2200349 i 4500
001 - CONTROL NUMBER
control field 17465430
003 - CONTROL NUMBER IDENTIFIER
control field EG-ScBUE
005 - DATE AND TIME OF LATEST TRANSACTION
control field 20230411103633.0
008 - FIXED-LENGTH DATA ELEMENTS--GENERAL INFORMATION
fixed length control field 120917s2013 maua f bd 001 0 eng d
020 ## - INTERNATIONAL STANDARD BOOK NUMBER
International Standard Book Number 9780240818979
040 ## - CATALOGING SOURCE
Original cataloging agency DLC
Language of cataloging eng
Description conventions rda
Transcribing agency DLC
Modifying agency DLC
-- EG-ScBUE
082 04 - DEWEY DECIMAL CLASSIFICATION NUMBER
Classification number 791.45023
Item number KEL
Edition number 22
100 1# - MAIN ENTRY--PERSONAL NAME
Personal name Kellison, Cathrine,
Relator term author.
9 (RLIN) 38201
245 10 - TITLE STATEMENT
Title Producing for TV and new media /
Remainder of title Cathrine Kellison, Dustin Morrow, Kacey Morrow.
246 34 - VARYING FORM OF TITLE
Title proper/short title Producing for TV and new media :
Remainder of title a real-world approach for producers
250 ## - EDITION STATEMENT
Edition statement Third edition.
264 #1 - PUBLICATION, DISTRIBUTION, ETC. (IMPRINT)
Place of publication, distribution, etc Burlington ;
-- Abingdon :
Name of publisher, distributor, etc Focal Press / Taylor & Francis Group,
Date of publication, distribution, etc 2013.
300 ## - PHYSICAL DESCRIPTION
Extent xxi, 391 pages :
Other physical details illustrations ;
Dimensions 26 cm
336 ## - CONTENT TYPE
Source rdacontent
Content type term text
Content type code txt
337 ## - MEDIA TYPE
Source rdamedia
Media type term unmediated
Media type code n
338 ## - CARRIER TYPE
Source rdacarrier
Carrier type term volume
Carrier type code nc
500 ## - GENERAL NOTE
General note Includes glossary.<br/>
504 ## - BIBLIOGRAPHY, ETC. NOTE
Bibliography, etc Includes bibliographical references and index.<br/>
650 #7 - SUBJECT ADDED ENTRY--TOPICAL TERM
Topical term or geographic name as entry element Television
General subdivision Production and direction.
Source of heading or term BUEsh
650 #7 - SUBJECT ADDED ENTRY--TOPICAL TERM
Topical term or geographic name as entry element Video recordings
General subdivision Production and direction.
Source of heading or term BUEsh
651 ## - SUBJECT ADDED ENTRY--GEOGRAPHIC NAME
Source of heading or term BUEsh
653 ## - INDEX TERM--UNCONTROLLED
Resource For college Communication and mass media
Arrived date list June2015
655 ## - INDEX TERM--GENRE/FORM
Form subdivision Reading book
700 1# - ADDED ENTRY--PERSONAL NAME
Personal name Morrow, Dustin,
Relator term author.
700 1# - ADDED ENTRY--PERSONAL NAME
Personal name Morrow, Kacey,
Relator term author.
942 ## - ADDED ENTRY ELEMENTS (KOHA)
Source of classification or shelving scheme Dewey Decimal Classification
Call number prefix 791.45023 KEL
Koha item type Book - Borrowing
Holdings
Withdrawn status Lost status Source of classification or shelving scheme Damaged status Not for loan Collection code Home library Current library Shelving location Date acquired Source of acquisition Cost, normal purchase price Serial Enumeration / chronology Total Checkouts Total Renewals Full call number Barcode Date last seen Date checked out Cost, replacement price Koha item type
    Dewey Decimal Classification     Alahram Central Library Central Library Second Floor 22/06/2015   340.00 314 3 8 791.45023 KEL 000038853 15/07/2025 23/04/2018 425.50 Book - Borrowing